000 00650nam a22001937a 4500
005 20100811122715.0
010 _aENG-99611
020 _a9789380243351
_c145.00
035 _aEN-83143
037 _bDBAD/PUB
082 _a658
100 _aMarimuthu, M.
_910791
245 _aManagement concepts /
_cby M. Marimuthu
260 _aTrichy
_bRaja Publications
_c2009
270 _a4/1, S. S. H Shelter Hazarath Abdul Salam Street Khaja Nagar
_bTrichy
_e620020
300 _a260p.
_c20cm (pbk)
942 _2ddc
_cEN
_h658
_mMAR
999 _c40929
_d40929